El anticuario de Sao Paulo (Record no. 113607)

MARC details
000 -LEADER
campo de control de longitud fija 00676nam a2200217 4500
001 - NÚMERO DE CONTROL
campo de control 113607
003 - IDENTIFICADOR DE NÚMERO DE CONTROL
campo de control ES-MaACL
005 - FECHA Y HORA DE LA ÚLTIMA TRANSACCIÓN
campo de control 20230906185945.0
007 - CAMPO FIJO DE DESCRIPCIÓN FÍSICA--INFORMACIÓN GENERAL
campo de control de longitud fija t|
008 - DATOS DE LONGITUD FIJA--INFORMACIÓN GENERAL
campo de control de longitud fija 061121s1957 sp r ||||1| spa d
100 1# - ENTRADA PRINCIPAL--NOMBRE DE PERSONA
Nombre de persona Paço d'Arcos, Joaquín.
9 (RLIN) 88159
245 13 - MENCIÓN DEL TÍTULO
Título El anticuario de Sao Paulo
Resto del título : novela /
Mención de responsabilidad, etc. Joaquón Paço d'Arcos ; traducción del portugués por Manuel Casado Nieto.
250 ## - MENCION DE EDICION
Mención de edición [1ª ed.].
260 ## - PUBLICACIÓN, DISTRIBUCIÓN, ETC.
Lugar de publicación, distribución, etc. Barcelona :
Nombre del editor, distribuidor, etc. Planeta,
Fecha de publicación, distribución, etc. 1957.
300 ## - DESCRIPCIÓN FÍSICA
Extensión 293 p. ;
Dimensiones 19 cm.
490 1# - MENCIÓN DE SERIE
Mención de serie Colección Goliat
700 1# - ENTRADA AGREGADA--NOMBRE PERSONAL
Nombre de persona Casado Nieto, Manuel.
9 (RLIN) 36023
830 0# - PUNTO DE ACCESO ADICIONAL DE SERIE-TÍTULO UNIFORME
Título uniforme Colección Goliat
9 (RLIN) 185597
852 ## - LOCALIZACIÓN
Ubicación ES-MaACL
Número de control de estantería C-12441
Sublocalización o colección R.40632
Holdings
Estatus retirado Estado de pérdida Estado de daño No para préstamo Biblioteca de origen Biblioteca actual Ubicación en estantería Fecha de adquisición Fuente de adquisición Total de préstamos Signatura topográfica completa Código de barras Visto por última vez Precio de reemplazo Tipo de ítem Koha
        Biblioteca del Ateneo de Madrid Biblioteca del Ateneo de Madrid Sala Palomar 17/01/2008     C-12441 1118484 23/02/2023 23/02/2023 Libro impreso